000 00457nam a2200181Ia 4500
008 170918s9999 xx 000 0 und d
020 _a722536542
050 _bC672fi 1998
100 _aCoelho, Paulo
245 4 _aThe fifth mountain /
245 _cby Paulo Coelho ; translated by Clifford E. Landers.
260 _aUSA :
260 _bHarper Collins,
260 _c1998
300 _a245 pages :
300 _billustrations ;
300 _c19cm.
999 _c343527
_d343527